000 01556cam a2200361 a 4500
999 _c232646
_d232646
001 13635270
003 Nust
005 20170222090955.0
008 040624s2003 enk d 000 1 eng d
010 _a 2004274927
015 _aGBA3-Z0479
020 _a9781844280957
035 _a(OCoLC)ocm51568377
040 _aUKM
_cUKM
_dDLC
042 _alcac
_alccopycat
050 0 0 _aPZ7.H7875
_bEag 2003
082 0 0 _a823.914
_bHOR
100 1 _aHorowitz, Anthony,
_d1955-
245 1 0 _aEagle strike /
_cAnthony Horowitz.
260 _aLondon ;
_aBoston :
_bWalker,
_c2003.
300 _a328 p. ;
_c20 cm.
520 _aAfter a chance encounter with assassin Yassen Gregorovich in the South of France, teenage spy Alex Rider investigates international pop star and philanthropist Damian Cray whose new video game venture hides sinister motives involving Air Force One, nuclear missiles, and the international drug trade.
610 1 0 _aGreat Britain.
_bMI6
_vJuvenile fiction.
650 0 _aRider, Alex (Fictitious character)
_vJuvenile fiction.
650 1 _aSpies
_vFiction.
650 1 _aAdventure and adventurers
_vFiction.
650 1 _aOrphans
_vFiction.
651 1 _aCamargue (France)
_vFiction.
651 1 _aFrance
_vFiction.
655 7 _aSpy stories.
_2gsafd
655 7 _aYoung adult fiction.
_2lcsh
906 _a7
_bcbc
_ccopycat
_d2
_encip
_f20
_gy-gencatlg
942 _2ddc
_cBK